Todos los idiomas de España - Estadísticas

Estadísticas generales
  • Esta prueba ha sido intentada 86 veces
  • La puntuación promedio es 6 de 7
Estadísticas de respuestas
Sitios donde es hablado Idiomas % Correcto
CataluñaComunidad Valenciana Islas Baleares Aragón (La Franja) Catalán
100%
Todo el país Español
100%
GaliciaLeón (El Bierzo) Zamora (Alta Sanabria) Asturias (Eo-Navia) Gallego
99%
EuskadiNavarra Cantabria (Valle de Villaverde) Burgos (Condado de Treviño) Euskera
93%
Noroeste de Cataluña (Val d'Aran) Aranés
62%
AsturiasSuroeste de Cantabria Norte de Extremadura Salamanca (El Rebollar) Extremo oriental de León y Zamora Astur-leonés
59%
HuescaNorte de la provincia de Zaragoza Aragonés
58%
No se encontraron pruebas coincidentes
Distribución de puntuación
Porcentaje de gente con cada puntuación
Porcentaje por número respondido
Historial de tus puntuaciones
No has intentado esta prueba.